|
|
|
|
| LEADER |
00936nab a2200253 i 4500 |
| 001 |
misc65053 |
| 005 |
20240522114528.0 |
| 008 |
240220s1983 hu o 000 ger d |
| 022 |
|
|
|a 0001-6446
|
| 040 |
|
|
|a SZTE Miscellanea Repozitórium
|b hun
|
| 041 |
|
|
|a ger
|
| 041 |
|
|
|a tur
|
| 100 |
1 |
|
|a Tietze Andreas
|
| 245 |
1 |
4 |
|a Zum Argot der anatolischen Abdal
|h [elektronikus dokumentum] :
|b Gruppe Teber /
|c Tietze Andreas
|
| 260 |
|
|
|c 1983
|
| 300 |
|
|
|a 521-532
|c 24 cm
|
| 300 |
|
|
|a [12] p.
|c 24 cm
|
| 490 |
0 |
|
|a Acta Orientalia Academiae Scientiarum Hungaricae;Acta Orientalia Academiae Scientiarum Hungaricae : a Magyar Tudományos Akadémia orientalisztikai közleményei
|
| 561 |
|
|
|a Németh Gyula hagyaték
|
| 591 |
|
|
|a NOA 6087
|
| 650 |
|
4 |
|a Bölcsészettudományok
|
| 650 |
|
4 |
|a Nyelvek és irodalom
|
| 695 |
|
|
|a Török nyelvjárás - anatóliai
|
| 856 |
4 |
0 |
|u http://misc.bibl.u-szeged.hu/65053/1/6087_noa.pdf
|z Dokumentum-elérés
|